Male priority in man and woman as the image of God

Saved in:
நூற்பட்டியல் விவரங்கள்
தலைமை எழுத்தாளர்: Ware, Bruce A.
வடிவம்: கையெழுத்து பிரதி
மொழி:English
வெளியீடப்பட்டது: 2000.
தொகுதி:Evangelical Theological Society papers ; ETS-5202.
பகுதிகள்:
குறியீடுகள்: குறிச்சொல் இணை
குறியீடுகள் இல்லை, இந்த குறிச்சொல்லை முதலில் பதிவு செய்யுங்கள்!
LEADER 00827ctm a2200241Ia 4500
001 012009283-2
005 20090619103421.0
008 010725s2000 xx b 100 0 eng d
035 0 |a ocm47647741 
040 |a EMT  |c EMT  |d OCLCQ  |d TE9  |d MRT 
050 4 |a BR21  |b .E93 No.5202 
082 0 4 |a 233.5  |b W267m 
100 1 |a Ware, Bruce A. 
245 1 0 |a Male priority in man and woman as the image of God  |h [microform] /  |c Bruce A. Ware. 
260 |c 2000. 
300 |a 10 leaves ;  |c 28 cm. 
500 |a Paper presented at the 52nd National Conference meeting of the Evangelical Theological Society, Nashville, TN, November 15-17, 2000. 
650 0 |a Women in the Bible. 
650 0 |a Image of God. 
650 0 |a Sex role  |x Biblical teaching. 
830 0 |a Evangelical Theological Society papers ;  |v ETS-5202. 
988 |a 20090619 
906 |0 OCLC